[Event "PRO League Stage"]
[Site "Chess.com INT"]
[Date "2020.01.29"]
[Round "4"]
[White "Zierk, Steven C"]
[Black "Caruana, Fabiano"]
[Result "1-0"]
[WhiteElo "2509"]
[BlackElo "2822"]
[PlyCount "141"]
[EventDate "2020.01.06"]
[EventType "team-swiss (rapid)"]
[EventRounds "7"]
[EventCountry "USA"]
[SourceTitle "CBM 194 Extra"]
[Source "ChessBase"]
[SourceDate "2020.03.31"]
[SourceVersion "1"]
[SourceVersionDate "2020.03.31"]
[SourceQuality "1"]
[WhiteTeam "California Unicorns"]
[BlackTeam "Saint Louis Arch Bishops"]
[WhiteTeamCountry "USA"]
[BlackTeamCountry "USA"]

1. e4 e5 2. Nf3 Nc6 3. Bc4 Bc5 4. d3 Nf6 5. O-O d6 6. c3 O-O 7. Nbd2 a5 8. h3
h6 9. Re1 a4 10. Bb5 Bd7 11. Nc4 Ne7 12. Bxd7 Nxd7 13. Be3 b5 14. Bxc5 bxc4 15.
Be3 cxd3 16. Qxd3 Qb8 17. Nd2 Qb7 18. b4 f5 19. f3 Nf6 20. exf5 Nfd5 21. g4 a3
22. Rab1 Rab8 23. Rb3 Nxe3 24. Qxe3 Nd5 25. Qe4 Qa7+ 26. Kh1 Nf4 27. Qe3 c5 28.
c4 Qe7 29. Qxf4 Qh4 30. Qe3 Qxh3+ 31. Kg1 Qg3+ 32. Kf1 Qh3+ 33. Ke2 cxb4 34.
Ne4 d5 35. cxd5 Rfc8 36. Rd1 Rc2+ 37. Rd2 Rc1 38. Qf2 h5 39. d6 hxg4 40. d7 Rd8
41. Ng3 Rc3 42. Rxc3 bxc3 43. Rd3 c2 44. Kd2 Qh6+ 45. Kxc2 Qc6+ 46. Kd2 Rxd7
47. Rxd7 Qxd7+ 48. Ke1 Qd3 49. Qe2 Qc3+ 50. Kf2 Qd4+ 51. Kg2 gxf3+ 52. Kxf3
Qc3+ 53. Kg4 Qb2 54. Qc4+ Kh7 55. f6 gxf6 56. Qf7+ Kh8 57. Qxf6+ Kg8 58. Qe6+
Kf8 59. Nf5 e4 60. Kg5 Qg2+ 61. Kf6 Qb2+ 62. Qe5 Qb6+ 63. Nd6 Qf2+ 64. Qf5 Qb2+
65. Ke6+ Kg7 66. Qg5+ Kh7 67. Qh5+ Kg7 68. Ne8+ Kg8 69. Nf6+ Kg7 70. Qh7+ Kf8
71. Qf7# 1-0

[Event "PRO League Stage"]
[Site "Chess.com INT"]
[Date "2020.02.05"]
[Round "5"]
[White "Caruana, Fabiano"]
[Black "Firouzja, Alireza"]
[Result "0-1"]
[WhiteElo "2822"]
[BlackElo "2726"]
[PlyCount "116"]
[EventDate "2020.01.06"]
[EventType "team-swiss (rapid)"]
[EventRounds "7"]
[EventCountry "USA"]
[SourceTitle "CBM 194 Extra"]
[Source "ChessBase"]
[SourceDate "2020.03.31"]
[SourceVersion "1"]
[SourceVersionDate "2020.03.31"]
[SourceQuality "1"]
[WhiteTeam "Saint Louis Arch Bishops"]
[BlackTeam "Canada Chessbrahs"]
[WhiteTeamCountry "USA"]
[BlackTeamCountry "CAN"]

1. e4 e5 2. Nf3 Nc6 3. Bb5 Nf6 4. d3 Bc5 5. Bxc6 dxc6 6. Nbd2 Bd6 7. Nc4 Nd7 8.
b3 O-O 9. Bb2 Re8 10. O-O b6 11. g3 a5 12. a4 Ba6 13. Ne3 Bc5 14. Qe2 f6 15.
Nh4 Nf8 16. Kh1 Qd7 17. Rad1 Rad8 18. Nhg2 Ne6 19. f4 Nd4 20. Qh5 Qf7 21. Qxf7+
Kxf7 22. fxe5 Rxe5 23. Rd2 Ree8 24. g4 Nxc2 25. Nxc2 Rxd3 26. Rfd1 Rxb3 27. Bd4
Bd6 28. g5 c5 29. Ba1 Rxe4 30. gxf6 gxf6 31. Rf2 Re2 32. Rxf6+ Ke7 33. Re1
Rxe1+ 34. Ngxe1 Bb7+ 35. Kg1 Rh3 36. Rf2 Bc6 37. Re2+ Kd7 38. Ne3 Bxa4 39. Ng4
Bd1 40. Nf6+ Kc6 41. Rd2 Bb3 42. Nd3 c4 43. Ne5+ Kb7 44. Kg2 Rh6 45. Rf2 b5 46.
Ne4 b4 47. Bd4 c3 48. Be3 Re6 49. Nxd6+ Rxd6 50. Kg3 Bd5 51. Nd3 b3 52. Nc5+
Kc6 53. Rf8 b2 54. Rb8 Rg6+ 55. Kf4 Rg8 56. Rb7 Rf8+ 57. Kg5 Rf1 58. Ra7 b1=Q
0-1

[Event "PRO League Stage"]
[Site "Chess.com INT"]
[Date "2020.02.05"]
[Round "5"]
[White "Caruana, Fabiano"]
[Black "Saric, Ivan"]
[Result "1-0"]
[WhiteElo "2822"]
[BlackElo "2655"]
[PlyCount "83"]
[EventDate "2020.01.06"]
[EventType "team-swiss (rapid)"]
[EventRounds "7"]
[EventCountry "USA"]
[SourceTitle "CBM 194 Extra"]
[Source "ChessBase"]
[SourceDate "2020.03.31"]
[SourceVersion "1"]
[SourceVersionDate "2020.03.31"]
[SourceQuality "1"]
[WhiteTeam "Saint Louis Arch Bishops"]
[BlackTeam "Canada Chessbrahs"]
[WhiteTeamCountry "USA"]
[BlackTeamCountry "CAN"]

1. e4 c5 2. Nf3 d6 3. d4 cxd4 4. Nxd4 Nf6 5. Nc3 a6 6. h3 e5 7. Nb3 Be7 8. g4
h6 9. Be3 Nbd7 10. a4 Nf8 11. Qf3 Ng6 12. O-O-O Bd7 13. a5 O-O 14. Kb1 Rc8 15.
Bb6 Qe8 16. Rg1 Be6 17. Nd5 Bxd5 18. exd5 Bd8 19. Be3 Qa4 20. h4 Nxh4 21. Qh3
g5 22. f4 exf4 23. Bf2 Qe4 24. Nd4 Nxd5 25. Bd3 Qe5 26. Bxh4 gxh4 27. g5 Bxg5
28. Nf3 Qg7 29. Nxh4 Ne3 30. Rd2 Rc5 31. Rf2 Rfc8 32. Rxf4 Rxc2 33. Bxc2 Rxc2
34. Rb4 Rf2 35. Nf3 Qg6+ 36. Ka2 Nd5 37. Rxb7 Qe4 38. Qc8+ Kg7 39. Rxg5+ Kf6
40. Qh8+ Ke6 41. Qe8+ Kf6 42. Rxf7# 1-0

[Event "PRO League Stage"]
[Site "Chess.com INT"]
[Date "2020.02.12"]
[Round "6"]
[White "Caruana, Fabiano"]
[Black "Flores, Diego"]
[Result "1-0"]
[WhiteElo "2822"]
[BlackElo "2599"]
[PlyCount "71"]
[EventDate "2020.01.06"]
[EventType "team-swiss (rapid)"]
[EventRounds "7"]
[EventCountry "USA"]
[SourceTitle "CBM 194 Extra"]
[Source "ChessBase"]
[SourceDate "2020.03.31"]
[SourceVersion "1"]
[SourceVersionDate "2020.03.31"]
[SourceQuality "1"]
[WhiteTeam "Saint Louis Arch Bishops"]
[BlackTeam "Argentina Krakens"]
[WhiteTeamCountry "USA"]
[BlackTeamCountry "ARG"]

1. c4 c5 2. g3 g6 3. Bg2 Bg7 4. Nc3 Nc6 5. Nf3 d6 6. d3 e6 7. h4 h6 8. Bd2 Nge7
9. Qc1 b6 10. O-O Bb7 11. Rb1 Qd7 12. a3 Rc8 13. b4 Nd4 14. Nxd4 cxd4 15. Bxb7
Qxb7 16. Ne4 Qd7 17. c5 dxc5 18. bxc5 O-O 19. Bxh6 f5 20. Bxg7 Kxg7 21. Ng5
Rxc5 22. Qd2 Nd5 23. h5 Nc3 24. Rb4 f4 25. Rxd4 Qe7 26. h6+ Kh8 27. Rxf4 Rxf4
28. gxf4 e5 29. Qe3 Qd7 30. Kg2 exf4 31. Qxf4 Qd5+ 32. Nf3 Kh7 33. e4 Qxd3 34.
Qf7+ Kxh6 35. Rh1+ Rh5 36. Qf8+ 1-0

[Event "PRO League Stage"]
[Site "Chess.com INT"]
[Date "2020.02.12"]
[Round "6"]
[White "Caruana, Fabiano"]
[Black "Villanueva, Mario Nicolas"]
[Result "1/2-1/2"]
[WhiteElo "2822"]
[BlackElo "2478"]
[PlyCount "106"]
[EventDate "2020.01.06"]
[EventType "team-swiss (rapid)"]
[EventRounds "7"]
[EventCountry "USA"]
[SourceTitle "CBM 194 Extra"]
[Source "ChessBase"]
[SourceDate "2020.03.31"]
[SourceVersion "1"]
[SourceVersionDate "2020.03.31"]
[SourceQuality "1"]
[WhiteTeam "Saint Louis Arch Bishops"]
[BlackTeam "Argentina Krakens"]
[WhiteTeamCountry "USA"]
[BlackTeamCountry "ARG"]

1. e4 e5 2. Nf3 Nf6 3. d4 Nxe4 4. Bd3 d5 5. Nxe5 Nd7 6. O-O Nxe5 7. dxe5 Nc5 8.
Nc3 c6 9. f4 g6 10. Ne2 Bg7 11. Be3 Nxd3 12. cxd3 O-O 13. d4 Bg4 14. h3 Bxe2
15. Qxe2 Qd7 16. Qd3 f6 17. b4 a5 18. a3 axb4 19. axb4 Rxa1 20. Rxa1 fxe5 21.
fxe5 Qf7 22. Ra7 h5 23. Kh2 Kh7 24. Bg5 Qc7 25. Ra3 Rf5 26. h4 Bh6 27. Bxh6
Kxh6 28. Qg3 Qe7 29. Rb3 g5 30. hxg5+ Qxg5 31. Qxg5+ Rxg5 32. Rg3 b6 33. Rxg5
Kxg5 34. Kg3 Kf5 35. b5 h4+ 36. Kf3 cxb5 37. Ke3 Ke6 38. Kd3 Kd7 39. Kc3 Kc7
40. Kb4 Kc6 41. Ka3 Kc7 42. Kb3 Kd7 43. Kc2 Kc7 44. Kd3 Kd7 45. Ke3 Ke7 46. Kf4
Ke6 47. Ke3 Ke7 48. Kd2 Kd7 49. Kc3 Kc7 50. Kb4 Kc6 51. Ka3 Kc7 52. Kb3 Kd7 53.
Kb4 Kc6 1/2-1/2

[Event "PRO League Stage"]
[Site "Chess.com INT"]
[Date "2020.02.12"]
[Round "6"]
[White "Obregon, Carlos Andres"]
[Black "Caruana, Fabiano"]
[Result "0-1"]
[WhiteElo "2525"]
[BlackElo "2822"]
[PlyCount "132"]
[EventDate "2020.01.06"]
[EventType "team-swiss (rapid)"]
[EventRounds "7"]
[EventCountry "USA"]
[SourceTitle "CBM 194 Extra"]
[Source "ChessBase"]
[SourceDate "2020.03.31"]
[SourceVersion "1"]
[SourceVersionDate "2020.03.31"]
[SourceQuality "1"]
[WhiteTeam "Argentina Krakens"]
[BlackTeam "Saint Louis Arch Bishops"]
[WhiteTeamCountry "ARG"]
[BlackTeamCountry "USA"]

1. e4 e6 2. d4 d5 3. Nc3 Bb4 4. e5 Qd7 5. Bd2 b6 6. Bb5 Nc6 7. a3 Bf8 8. Nce2
Bb7 9. f4 O-O-O 10. Nf3 f5 11. O-O Kb8 12. a4 a6 13. Bd3 Nh6 14. c3 Nf7 15. b4
Be7 16. Ng3 g6 17. Qe2 Ka7 18. b5 Na5 19. bxa6 Bc6 20. Bb5 Rdg8 21. Rfe1 h6 22.
Rab1 Nd8 23. Be3 Rh7 24. Nf1 g5 25. Kh1 Rhg7 26. g3 gxf4 27. Bxf4 Nf7 28. N1d2
Ng5 29. Rec1 Ne4 30. Nxe4 dxe4 31. Nd2 Bg5 32. Rf1 h5 33. Qe3 h4 34. gxh4 Bxf4
35. Rxf4 Rg4 36. Bxc6 Qxc6 37. Rxg4 Rxg4 38. h5 Nc4 39. Nxc4 Qxc4 40. Rg1 Rh4
41. h6 Qc6 42. Rf1 Kxa6 43. Kg1 Kb7 44. Rf2 Qxa4 45. Kg2 Qd1 46. h3 Qh5 47. c4
Qg6+ 48. Kh2 Qxh6 49. Qxh6 Rxh6 50. d5 b5 51. Rb2 exd5 52. Rxb5+ Kc6 53. Rxd5
Rg6 54. e6 Rxe6 55. Rxf5 e3 56. Rf1 Kc5 57. Kg2 e2 58. Re1 Kxc4 59. Kf2 Kd3 60.
Ra1 Rf6+ 61. Kg2 c5 62. Ra3+ Kd4 63. Ra1 c4 64. h4 c3 65. h5 Kd3 66. Rh1 Kd2
0-1

[Event "PRO League Stage"]
[Site "Chess.com INT"]
[Date "2020.02.12"]
[Round "6"]
[White "Perez, Maximiliano"]
[Black "Caruana, Fabiano"]
[Result "0-1"]
[WhiteElo "2417"]
[BlackElo "2822"]
[PlyCount "80"]
[EventDate "2020.01.06"]
[EventType "team-swiss (rapid)"]
[EventRounds "7"]
[EventCountry "USA"]
[SourceTitle "CBM 194 Extra"]
[Source "ChessBase"]
[SourceDate "2020.03.31"]
[SourceVersion "1"]
[SourceVersionDate "2020.03.31"]
[SourceQuality "1"]
[WhiteTeam "Argentina Krakens"]
[BlackTeam "Saint Louis Arch Bishops"]
[WhiteTeamCountry "ARG"]
[BlackTeamCountry "USA"]

1. e4 c6 2. d4 d5 3. exd5 cxd5 4. Bd3 Nf6 5. c3 Nc6 6. Bf4 Bg4 7. Qb3 Qd7 8.
Nd2 e6 9. Ngf3 Bd6 10. Bxd6 Qxd6 11. O-O O-O 12. Rfe1 Bxf3 13. Nxf3 a6 14. Ne5
Nd7 15. Nf3 b5 16. Qd1 g6 17. a3 Kg7 18. Qe2 Rab8 19. h4 h5 20. g3 Na5 21. Qc2
Nc4 22. Ng5 e5 23. b3 Na5 24. dxe5 Nxe5 25. Be2 Rbc8 26. b4 Nac4 27. Red1 Rfd8
28. a4 Qb6 29. axb5 axb5 30. Rd4 Rd6 31. Rad1 Rcd8 32. Bxc4 bxc4 33. Qe2 Nd3
34. Ra1 Rf6 35. f4 Qc6 36. Kh2 Re8 37. Qd2 Rd6 38. Rf1 Qd7 39. f5 Rf6 40. Ne4
Rxe4 0-1

[Event "PRO League Stage"]
[Site "Chess.com INT"]
[Date "2020.02.17"]
[Round "7"]
[White "Caruana, Fabiano"]
[Black "Mekhitarian, Krikor Sevag"]
[Result "1-0"]
[WhiteElo "2822"]
[BlackElo "2563"]
[PlyCount "177"]
[EventDate "2020.01.06"]
[EventType "team-swiss (rapid)"]
[EventRounds "7"]
[EventCountry "USA"]
[SourceTitle "CBM 194 Extra"]
[Source "ChessBase"]
[SourceDate "2020.03.31"]
[SourceVersion "1"]
[SourceVersionDate "2020.03.31"]
[SourceQuality "1"]
[WhiteTeam "Saint Louis Arch Bishops"]
[BlackTeam "Brazil Capybaras"]
[WhiteTeamCountry "USA"]
[BlackTeamCountry "BRA"]

1. e4 e5 2. Nf3 Nc6 3. Bb5 Nf6 4. d3 Bc5 5. Bxc6 dxc6 6. Nbd2 O-O 7. Qe2 Re8 8.
Nc4 Nd7 9. h4 a5 10. Bd2 a4 11. O-O-O b5 12. Ne3 Nb6 13. Kb1 b4 14. Nf5 Bxf5
15. exf5 f6 16. Qe4 Qd5 17. Rhe1 Bxf2 18. Re2 Qxe4 19. Rxe4 b3 20. axb3 axb3
21. cxb3 Red8 22. Kc2 Nc8 23. g4 Nd6 24. Ra4 h5 25. Rf1 Bb6 26. Nh2 Nb5 27. Bc3
hxg4 28. Rxg4 Nxc3 29. Kxc3 Kf7 30. Nf3 Rd5 31. Nd2 Be3 32. Ne4 Bd4+ 33. Kc2
Ra2 34. Rb1 Rd8 35. h5 Rh8 36. Rh4 Rh6 37. b4 Ra8 38. Kb3 Rah8 39. Rbh1 Be3 40.
R4h3 Bb6 41. Kc4 R6h7 42. b5 cxb5+ 43. Kxb5 Bd4 44. b4 Rb8+ 45. Kc4 Rh6 46.
R3h2 Be3 47. Re2 Bd4 48. b5 Ra8 49. Rc2 Bb6 50. Rh3 Rah8 51. Rch2 Rd8 52. Ra2
Rd4+ 53. Kc3 Rd5 54. Kc4 Rd4+ 55. Kb3 Rd5 56. Nc3 Rd4 57. Ra4 Rxa4 58. Kxa4 Rh8
59. Ne4 Bd4 60. Kb4 Bb6 61. Kc4 Rd8 62. h6 Rh8 63. h7 g6 64. Rh6 gxf5 65. Rxf6+
Ke7 66. Rxf5 Rxh7 67. Rxe5+ Kd8 68. Nf6 Rh4+ 69. Re4 Rxe4+ 70. dxe4 Ba5 71. Kd5
Ke7 72. e5 Bc3 73. Ne4 Bb2 74. Ng3 Bc3 75. Nf5+ Kd7 76. e6+ Kd8 77. Kc6 Ba5 78.
Kb7 Bb6 79. Kc6 Ba5 80. Kc5 Bb6+ 81. Kd5 Ba5 82. Nd4 Bb6 83. Nc6+ Ke8 84. Nb4
Ke7 85. Ke5 Ke8 86. Nd5 Ba5 87. Kf6 Kf8 88. e7+ Ke8 89. Ke6 1-0

[Event "PRO League Stage"]
[Site "Chess.com INT"]
[Date "2020.02.17"]
[Round "7"]
[White "Caruana, Fabiano"]
[Black "Supi, Luis Paulo"]
[Result "1/2-1/2"]
[WhiteElo "2822"]
[BlackElo "2577"]
[PlyCount "130"]
[EventDate "2020.01.06"]
[EventType "team-swiss (rapid)"]
[EventRounds "7"]
[EventCountry "USA"]
[SourceTitle "CBM 194 Extra"]
[Source "ChessBase"]
[SourceDate "2020.03.31"]
[SourceVersion "1"]
[SourceVersionDate "2020.03.31"]
[SourceQuality "1"]
[WhiteTeam "Saint Louis Arch Bishops"]
[BlackTeam "Brazil Capybaras"]
[WhiteTeamCountry "USA"]
[BlackTeamCountry "BRA"]

1. e4 c5 2. Nf3 d6 3. d4 cxd4 4. Nxd4 Nf6 5. Nc3 a6 6. h4 e5 7. Nb3 Be7 8. Bg5
Be6 9. Qd3 Nbd7 10. O-O-O Rc8 11. Kb1 h6 12. Bxf6 Nxf6 13. g3 b5 14. Bh3 Bxh3
15. Rxh3 O-O 16. Nd5 Nxd5 17. Qxd5 Qc7 18. Rd2 Qc4 19. Rh1 Qxd5 20. Rxd5 f5 21.
Nd2 f4 22. g4 f3 23. c3 Rf4 24. g5 Rcf8 25. gxh6 Rxh4 26. Rxh4 Bxh4 27. hxg7
Rf6 28. Rd3 Kxg7 29. Rxf3 Bxf2 30. Kc2 Rxf3 31. Nxf3 Kf6 32. Kd3 Ke6 33. c4 b4
34. Kc2 Kf6 35. Kb3 Bc5 36. Ka4 Kg6 37. Ka5 Kh5 38. Kxa6 Kg4 39. Nd2 Kf4 40.
Kb5 Be3 41. Nb3 Kxe4 42. Kxb4 Kd3 43. a4 Kc2 44. c5 dxc5+ 45. Nxc5 Kxb2 46.
Nd3+ Ka2 47. Nxe5 Bd2+ 48. Kc4 Ka3 49. Kb5 Kb3 50. Nd7 Bc3 51. Nc5+ Ka3 52. Nd3
Bd2 53. Ne5 Bc3 54. Nc4+ Kb3 55. Na5+ Ka3 56. Nb7 Kb3 57. Nc5+ Ka3 58. Ne4 Be1
59. Ng5 Kb3 60. Nf3 Bc3 61. Nh4 Ka3 62. Nf5 Kb3 63. Ne3 Bd2 64. Nd5 Ka3 65. a5
Bxa5 1/2-1/2

[Event "PRO League Stage"]
[Site "Chess.com INT"]
[Date "2020.02.17"]
[Round "7"]
[White "Diamant, Andre"]
[Black "Caruana, Fabiano"]
[Result "0-1"]
[WhiteElo "2547"]
[BlackElo "2822"]
[PlyCount "75"]
[EventDate "2020.01.06"]
[EventType "team-swiss (rapid)"]
[EventRounds "7"]
[EventCountry "USA"]
[SourceTitle "CBM 194 Extra"]
[Source "ChessBase"]
[SourceDate "2020.03.31"]
[SourceVersion "1"]
[SourceVersionDate "2020.03.31"]
[SourceQuality "1"]
[WhiteTeam "Brazil Capybaras"]
[BlackTeam "Saint Louis Arch Bishops"]
[WhiteTeamCountry "BRA"]
[BlackTeamCountry "USA"]

1. c4 e5 2. g3 Nf6 3. Bg2 c6 4. d4 e4 5. d5 Bb4+ 6. Bd2 Qe7 7. Nc3 O-O 8. Nh3
d6 9. O-O cxd5 10. cxd5 Bxc3 11. Bxc3 Bf5 12. Qb3 Na6 13. Rad1 Nc5 14. Qb4 h6
15. Qd4 Ncd7 16. f3 Ne5 17. fxe4 Bh7 18. Nf2 Rfe8 19. Rc1 Bg6 20. b3 a5 21. a4
Ned7 22. Ba1 Rac8 23. Rc3 Rxc3 24. Bxc3 b6 25. b4 axb4 26. Bxb4 Nc5 27. Bc3 h5
28. Rb1 Qc7 29. g4 Ncxe4 30. Bxe4 Bxe4 31. Rc1 Qd7 32. g5 Qf5 33. gxf6 Qg5+ 34.
Kf1 Qxc1+ 35. Nd1 Qf4+ 36. Ke1 Qxh2 37. fxg7 Bf3 38. Nf2 0-1

[Event "PRO League Stage"]
[Site "Chess.com INT"]
[Date "2020.02.17"]
[Round "7"]
[White "Leitao, Rafael Duailibe"]
[Black "Caruana, Fabiano"]
[Result "0-1"]
[WhiteElo "2592"]
[BlackElo "2822"]
[PlyCount "44"]
[EventDate "2020.01.06"]
[EventType "team-swiss (rapid)"]
[EventRounds "7"]
[EventCountry "USA"]
[SourceTitle "CBM 194 Extra"]
[Source "ChessBase"]
[SourceDate "2020.03.31"]
[SourceVersion "1"]
[SourceVersionDate "2020.03.31"]
[SourceQuality "1"]
[WhiteTeam "Brazil Capybaras"]
[BlackTeam "Saint Louis Arch Bishops"]
[WhiteTeamCountry "BRA"]
[BlackTeamCountry "USA"]

1. d4 Nf6 2. c4 e6 3. Nf3 d5 4. Nc3 Be7 5. Bf4 O-O 6. e3 Nbd7 7. Be2 dxc4 8.
O-O Nd5 9. Bxc4 Nxf4 10. exf4 Nf6 11. Re1 b6 12. d5 exd5 13. Nxd5 Bc5 14. b4
Bd6 15. Ne5 Bb7 16. Nxf6+ Qxf6 17. Qg4 Bxb4 18. Re3 Rad8 19. Rf1 Bc5 20. Rg3
Bc8 21. Qh5 Rd4 22. Bd3 h6 0-1

[Event "PRO League KO Stage"]
[Site "Chess.com INT"]
[Date "2020.09.27"]
[Round "4.2"]
[White "Caruana, Fabiano"]
[Black "Petrosian, Tigran L"]
[Result "0-1"]
[WhiteElo "2842"]
[BlackElo "2601"]
[PlyCount "84"]
[EventDate "2020.03.02"]
[EventType "team-k.o. (rapid)"]
[EventRounds "4"]
[EventCountry "USA"]
[SourceTitle "EXT 2021"]
[Source "ChessBase"]
[SourceDate "2020.10.23"]
[SourceVersion "1"]
[SourceVersionDate "2020.10.23"]
[SourceQuality "1"]
[WhiteTeam "Saint Louis Arch Bishops"]
[BlackTeam "Armenia Eagles"]
[WhiteTeamCountry "USA"]
[BlackTeamCountry "ARM"]

1. e4 c6 2. d4 d5 3. e5 Bf5 4. h4 h5 5. Bd3 Bxd3 6. Qxd3 e6 7. Bg5 Qb6 8. Nd2
Qa6 9. c4 Bb4 10. b3 Ne7 11. Ngf3 Nf5 12. O-O Nd7 13. a3 Bxd2 14. Bxd2 c5 15.
Rac1 O-O 16. dxc5 Nxc5 17. Qb1 Rfd8 18. Bg5 Rd7 19. b4 Ne4 20. cxd5 Nxg5 21.
hxg5 Rxd5 22. g6 fxg6 23. Rc7 Rad8 24. Rfc1 Qe2 25. Rc8 h4 26. Qb3 Rxc8 27.
Rxc8+ Kh7 28. Rc1 Kh6 29. Re1 Qd3 30. Qb2 Qc4 31. Qb1 g5 32. Re4 Qd3 33. Qxd3
Rxd3 34. a4 Kh5 35. Kf1 g4 36. Nh2 g3 37. Nf3 Ra3 38. Rc4 Ra1+ 39. Ne1 g5 40.
Rc8 Ra2 41. Rh8+ Kg6 42. Nd3 Rd2 0-1